Statistics for Airlines at RNO (Reno)

Click here to take the quiz!

General Stats

  • This quiz has been taken 18 times
  • The average score is 9 of 12

Answer Stats

HintAnswer% Correct
PHXAmerican
100%
SLCDelta
92%
SFOUnited
92%
SEAAlaska
85%
LASSouthwest
85%
LASSpirit
85%
LAXJetBlue
77%
BURJSX
77%
LASFrontier
69%
IFPSun Country
46%
GDLVolaris
38%
BURAHA
8%

Score Distribution

Percentile by Number Answered

Percent of People with Each Score

Your Score History

You have not taken this quiz